The cheating easy quiz - Statistics

General Stats
  • This quiz has been taken 139 times
  • The average score is 90 of 100
Answer Stats
hint Answer % Correct
num. 1
99%
num. 2
98%
num. 3
98%
4
97%
5
97%
6
97%
7
97%
8
97%
9
97%
10
95%
11
93%
12
92%
13
91%
14
91%
15
91%
16
91%
17
91%
18
91%
19
91%
20
91%
22
91%
27
91%
48
91%
21
90%
23
90%
24
90%
25
90%
26
90%
28
90%
29
90%
30
90%
35
90%
36
90%
43
90%
45
90%
49
90%
50
90%
59
90%
100
89%
31
89%
32
89%
33
89%
34
89%
37
89%
38
89%
39
89%
40
89%
41
89%
42
89%
44
89%
46
89%
47
89%
54
89%
55
89%
66
89%
83
89%
87
89%
89
89%
92
89%
93
89%
94
89%
95
89%
96
89%
97
89%
98
89%
99
89%
51
88%
52
88%
53
88%
56
88%
57
88%
58
88%
60
88%
64
88%
74
88%
75
88%
76
88%
77
88%
81
88%
82
88%
84
88%
85
88%
86
88%
88
88%
90
88%
91
88%
61
87%
62
87%
63
87%
65
87%
67
87%
68
87%
69
87%
70
87%
71
87%
72
87%
73
87%
78
87%
79
87%
80
87%
No matching quizzes found
Score Distribution
Percent of People with Each Score
Percentile by Number Answered
Your Score History
You have not taken this quiz